Consultorio jurídico contable sobre el tratamiento del fideicomiso (Registro nro. 20864)
[ vista simple ]
| 000 -LEADER | |
|---|---|
| fixed length control field | 00356 a2200109 4500 |
| 001 - CONTROL NUMBER | |
| control field | ART_39040 |
| 005 - DATE AND TIME OF LATEST TRANSACTION | |
| control field | 20260410161804.0 |
| 008 - FIXED-LENGTH DATA ELEMENTS--GENERAL INFORMATION | |
| fixed length control field | 260409a |
| 100 1# - MAIN ENTRY--PERSONAL NAME | |
| Personal name | Papa, Rodolfo G. |
| 245 10 - TITLE STATEMENT | |
| Title | Consultorio jurídico contable sobre el tratamiento del fideicomiso |
| 773 0# - HOST ITEM ENTRY | |
| Title | Doctrina Societaria y Concursal |
| Related parts | - Nº 319 (jun. 2014) |
| Record control number | REV4298 |
No hay ítems disponibles.